Tuailai '90 : (Record no. 8939)

MARC details
000 -LEADER
fixed length control field 00388nam a2200145 4500
003 - CONTROL NUMBER IDENTIFIER
control field GBCCL
005 - DATE AND TIME OF LATEST TRANSACTION
control field 20241126110702.0
008 - FIXED-LENGTH DATA ELEMENTS--GENERAL INFORMATION
fixed length control field 220203b ||||| |||| 00| 0 eng d
040 ## - CATALOGING SOURCE
Transcribing agency GBC
082 ## - DEWEY DECIMAL CLASSIFICATION NUMBER
Classification number VER TUA
Item number 1990
245 ## - TITLE STATEMENT
Title Tuailai '90 :
Remainder of title tuailaite midangte aa dingin, seminar papers
260 ## - PUBLICATION, DISTRIBUTION, ETC.
Place of publication, distribution, etc. Lamka:
Name of publisher, distributor, etc. Tuailai executive committee
Date of publication, distribution, etc. 1990
300 ## - PHYSICAL DESCRIPTION
Extent 113p. ;
942 ## - ADDED ENTRY ELEMENTS (KOHA)
Source of classification or shelving scheme Dewey Decimal Classification
Koha item type Archives
Holdings
Withdrawn status Lost status Source of classification or shelving scheme Damaged status Not for loan Home library Current Library Shelving location Date acquired Total checkouts Full call number Barcode Date last seen Copy number Price effective from Koha item type
    Dewey Decimal Classification     GRACE BIBLE COLLEGE GRACE BIBLE COLLEGE Archives 2022-02-03   VER TUA 1990 004788 2025-05-01 c.1 2022-02-03 Archives
© Grace Bible College Library 2025